Shipwrecks : diving the graveyard of the Atlantic /

Bibliographic Details
Main Author: Farb, Roderick M., 1946-
Format: Book
Language:English
Published: Hillsborough, N.C. : Menasha Ridge, [1985]
Edition:1st ed.
Subjects:

MARC

Tag First Indicator Second Indicator Subfields
LEADER 00000pam a2200000 a 4500
001 in00000435608
005 20151012072944.0
008 850326s1985 ncuab b 00110 eng
010 |a  85007233  
020 |a 0897320344 (pbk.) :  |c $12.95 
035 |a (OCoLC)11971171 
035 |9 ABW9886AM 
039 0 |a 2  |b 3  |c 3  |d 3  |e 3 
040 |a DLC  |c DLC  |d TXA  |d UtOrBLW 
043 |a n-us-nc 
049 |a TXAM  |c [A10022598] 
050 0 0 |a GV840.S78  |b F36 1985 
082 0 |a 622/.19/0247972  |2 19 
100 1 |a Farb, Roderick M.,  |d 1946- 
245 1 0 |a Shipwrecks :  |b diving the graveyard of the Atlantic /  |c Roderick M. Farb. 
250 |a 1st ed. 
264 1 |a Hillsborough, N.C. :  |b Menasha Ridge,  |c [1985] 
264 4 |c ©1985 
300 |a xiv, 264 pages :  |b illustrations, maps ;  |c 23 cm. 
336 |a text  |b txt  |2 rdacontent 
337 |a unmediated  |b n  |2 rdamedia 
338 |a volume  |b nc  |2 rdacarrier 
500 |a Includes index. 
504 |a Bibliography: pages 258-260. 
650 0 |a Scuba diving  |z North Carolina. 
650 0 |a Shipwrecks  |z North Carolina  |x History. 
999 |a MARS 
999 f f |s c037c073-cb33-3536-b60e-0cd2adbca254  |i 644e2e58-73d7-300a-bc87-5b41bb9769d8  |t 0 
952 f f |p ric  |a Texas A&M University  |b Rellis Campus  |c Joint Library Facility  |d Remote Storage  |t 0  |e GV840.S78 F36 1985  |h Library of Congress classification  |i unmediated -- volume  |m A14810022598 
998 f f |a GV840.S78 F36 1985  |t 0  |l Remote Storage